|
|
|
|
| LEADER |
00626nab a2200169 i 4500 |
| 001 |
univ52072 |
| 005 |
20191112144209.0 |
| 008 |
191112s2019 hu o 0|| zxx d |
| 040 |
|
|
|a SZTE UnivHistória Repozitórium
|b hun
|
| 041 |
|
|
|a zxx
|
| 245 |
0 |
0 |
|a Édes anyanyelvünk
|h [elektronikus dokumentum] :
|b "izé"
|
| 260 |
|
|
|c 2019-11-11
|
| 490 |
0 |
|
|a Kossuth Rádió
|
| 561 |
|
|
|a Egyetemi hirarchívum
|
| 695 |
|
|
|a Bölcsészet- és Társadalomtudományi Kar, Magyar Nyelvészeti Tanszék, Németh Miklós - egyetemi docens - nyelvész
|
| 700 |
0 |
1 |
|a Társi István
|
| 856 |
4 |
0 |
|u http://univ.bibl.u-szeged.hu/52072/1/mr1.mp4
|z Dokumentum-elérés
|